000 01124cam a22003135a 4500
001 16143665
005 20201128023758.0
008 100318s2011 enk frb 001 0 eng d
010 _a 2010010523
020 _a9780415776264
020 _a9780415776271
020 _a9780203843321
040 _aDLC
_beng
_cDLC
_dDLC
_dEG-ScBUE
082 0 4 _a327.101
_bJAC
_222
100 1 _aJackson, Patrick Thaddeus
_d1972-
_940509
245 1 4 _aThe conduct of inquiry in international relations :
_bphilosophy of science and its implications for the study of world politics /
_cPatrick Thaddeus Jackson.
260 _aLondon ;
_aNew York :
_bRoutledge,
_cc.2011.
300 _axiv, 268 p. ;
_c24 cm.
490 0 _aNew international relations
500 _aIndex : p. 259-268.
504 _aBibliography : p. 239-258.
650 7 _aInternational relations
_xPhilosophy.
_2BUEsh
_92834
650 7 _aInternational relations
_xMethodology.
_2BUEsh
_940517
650 7 _aInternational relations
_xResearch.
_2BUEsh
_92833
650 7 _aWorld politics.
_2BUEsh
_911141
651 _2BUEsh
653 _bLLAAWW
_cJuly2016
942 _2ddc
999 _c22063
_d22035